LEADER 00715nam0-2200277---450- 001 990009163160403321 005 20100322110044.0 035 $a000916316 035 $aFED01000916316 035 $a(Aleph)000916316FED01 035 $a000916316 100 $a20100322f1960----km-y0itay50------ba 101 0 $aita 102 $aIT 105 $aa-------001yy 200 1 $aAzienda municipalizzata$eacquedotto di Napoli 210 $aNapoli$cs.i.$d[1960-] 215 $a12 p.$cill.$d23x15 cm 610 0 $aAcquedotto 801 0$aIT$bUNINA$gRICA$2UNIMARC 901 $aBK 912 $a990009163160403321 952 $aIG 15 B 20$fDMIGI 959 $aDMIGI 996 $aAzienda municipalizzata$9778400 997 $aUNINA LEADER 01397nam 2200337Ia 450 001 996388452403316 005 20221108053403.0 035 $a(CKB)1000000000637109 035 $a(EEBO)2240939289 035 $a(OCoLC)12393584 035 $a(EXLCZ)991000000000637109 100 $a19850816d1696 uy | 101 0 $aeng 135 $aurbn||||a|bb| 200 10$aReliquiæ Baxterianæ, or, Mr. Richard Baxters narrative of the most memorable passages of his life and times$b[electronic resource] /$ffaithfully publish'd from his own original manuscript by Matthew Sylvester 210 $aLondon $cPrinted for T. Parkhurst, J. Robinson, F. Lawrence and F. Dunton$d1696 215 $a[28], 448, 200, 132 p. $dport 300 $aReproduction of original in British Library. 300 $aAppendix: A reply to some exceptions against our Worcestershire agreement and my Christian concord, written by a nameless author and sent by Dr. Warmstrye. 300 $aMarginal notes. 330 $aeebo-0018 700 $aBaxter$b Richard$f1615-1691.$0615285 701 $aSylvester$b Matthew$f1636 or 7-1708.$01008666 801 0$bEAA 801 1$bEAA 801 2$bm/c 801 2$bWaOLN 906 $aBOOK 912 $a996388452403316 996 $aReliquiæ Baxterianæ, or, Mr. Richard Baxters narrative of the most memorable passages of his life and times$92327090 997 $aUNISA